Cloud Computing And Virtualization (Record no. 340484)

MARC details
000 -LEADER
fixed length control field 00457nam a2200169Ia 4500
008 - FIXED-LENGTH DATA ELEMENTS--GENERAL INFORMATION
fixed length control field 230718s9999 xx 000 0 und d
020 ## - INTERNATIONAL STANDARD BOOK NUMBER
International Standard Book Number 9789383635047
041 ## - LANGUAGE CODE
Language code of text/sound track or separate title eng
082 ## - DEWEY DECIMAL CLASSIFICATION NUMBER
Classification number 006.7'8
Item number RAO
100 ## - MAIN ENTRY--PERSONAL NAME
Personal name Rao R.R.
245 ## - TITLE STATEMENT
Title Cloud Computing And Virtualization
260 ## - PUBLICATION, DISTRIBUTION, ETC. (IMPRINT)
Date of publication, distribution, etc. 2014
Name of publisher, distributor, etc. BS Publications
300 ## - PHYSICAL DESCRIPTION
Extent 257
365 ## - TRADE PRICE
Currency code Rs.
Price amount 250.00
700 ## - ADDED ENTRY--PERSONAL NAME
Personal name Rao R.R. & Ramaiah V.S.
906 ## - LOCAL DATA ELEMENT F, LDF (RLIN)
d O:0469203-Oct-2015B:IN 125927-Aug-2015
c IT
b 562.5
Holdings
Withdrawn status Lost status Damaged status Not for loan Home library Current library Date acquired Vendor Budget Code Cost, normal purchase price Bill number Total Checkouts Full call number Barcode Date last seen Discount Cost, replacement price Bill Date Koha item type Original Barcode
        Cummins College of Engineering for Women Pune Cummins College of Engineering for Women Pune 03/10/2015 Pradeep Book Distributors IT 187.50 IN 1259   006.7'8 CCEP-BK-51691 18/07/2023 562.5 250.00 27/08/2015 Books 051691